00402nam a2200157Ia 450000500170000000800410001702000220005804100120008008200110009210000180010324500310012125000080015226000360016050000080019665000400020420240823053136.0240823s9999||||xx |||||||||||||| ||und|| a978-81-317-5537-2 aENGLISH A425 Q1 aFitikides T J 0aCommon Mistakes in English a6th c2011b"Pearson Education, New " aYES aCommon Mistakes in EnglishbEnglish